Une écriture de la passion
Zapisane w:
| 1. autor: | |
|---|---|
| Format: | Książka |
| Język: | Undetermined |
| Wydane: |
Quebec, Canadá
Hurtubise H.M.H.
1982
|
| Hasła przedmiotowe: | |
| Etykiety: |
Dodaj etykietę
Nie ma etykietki, Dołącz pierwszą etykiete!
|
MARC
| LEADER | 00000nam a2200000Ia 4500 | ||
|---|---|---|---|
| 008 | 170316s9999 xx 000 0 und d | ||
| 040 | |a cru BVZT | ||
| 090 | |a 818 H-4u | ||
| 100 | |a Harvey, Robert | ||
| 245 | |a Une écriture de la passion | ||
| 260 | |a Quebec, Canadá | ||
| 260 | |b Hurtubise H.M.H. | ||
| 260 | |c 1982 | ||
| 300 | |a 211 páginas | ||
| 650 | |a LITERATURA CANADIENSE | ||
| 999 | |c 6469 |d 6469 | ||
| 942 | |c 15 D |h 818 H-4u |2 z | ||
